LIBRARY & INFORMATION CENTRE, KCAET, TAVANUR

ONLINE PUBLIC ACCESS CATALOGUE (OPAC)

Directory of rural technologies, Part 3 / (Record no. 11284)

MARC details
000 -LEADER
fixed length control field 00570cam a2200205ua 4500
020 ## - INTERNATIONAL STANDARD BOOK NUMBER
ISBN 81-85542-61-9
041 ## - LANGUAGE CODE
Language code of text/sound track or separate title eng
082 ## - DEWEY DECIMAL CLASSIFICATION NUMBER
Classification number 028.7663
Item number MAT/DI
100 ## - MAIN ENTRY--AUTHOR NAME
Personal name Mathew, C Kunnumkal .
245 00 - TITLE STATEMENT
Title Directory of rural technologies, Part 3 /
250 ## - EDITION STATEMENT
Edition statement 1 /
260 ## - PUBLICATION, DISTRIBUTION, ETC. (IMPRINT)
Place of publication Hyderabad :
Name of publisher National Institute of Rural Development ,
Year of publication 2002.
300 ## - PHYSICAL DESCRIPTION
Number of Pages 466 ; .
500 ## - GENERAL NOTE
General note **Reference
700 1# - ADDED ENTRY--PERSONAL NAME
Personal name Sant, Bharat R .
942 ## - ADDED ENTRY ELEMENTS (KOHA)
Koha item type Books
Holdings
Withdrawn status Lost status Damaged status Home library Current library Date acquired Full call number Accession Number Koha item type
      KAUAET KAUAET 07/04/2012 028.7663 20832 Reference
free website counter